Regionalism and Internationalisation in the Urartian Period

محفوظ في:

مؤلفون آخرون: Dan, Roberto (المحرر), Bonfanti, Annarita S. (المحرر), Petrosyan, Artur (المحرر), Gasparyan, Boris (المحرر), Azatyan, Karen (مساهم), Vitolo, Priscilla (مساهم), Dadfar, Faezeh (مساهم), Zecchi, Chiara (مساهم), Cesaretti, Andrea (مساهم), Zimansky, Paul E. (Preface by)

التنسيق: كتاب

منشور في: Oxford Archaeopress Publishing Ltd 2025

الوسوم: إضافة وسم

لا توجد وسوم, كن أول من يضع وسما على هذه التسجيلة!

رقم الطلب:

LEADER 01127namaa2200277 4500
001 9781805830085
003 UkOxAP
005 20260405155017.0
020 |a 9781805830092 
776 1 |x 9781805830085 
245 0 0 |a Regionalism and Internationalisation in the Urartian Period 
100 1 |a Dan, Roberto  |e Editor  |l English 
700 1 |a Bonfanti, Annarita S.  |e Editor  |l English 
700 1 |a Petrosyan, Artur  |e Editor  |l English 
700 1 |a Gasparyan, Boris  |e Editor  |l English 
700 1 |a Azatyan, Karen  |e Contributor  |l English 
700 1 |a Vitolo, Priscilla  |e Contributor  |l English 
700 1 |a Dadfar, Faezeh  |e Contributor  |l English 
700 1 |a Zecchi, Chiara  |e Contributor  |l English 
700 1 |a Cesaretti, Andrea  |e Contributor  |l English 
700 1 |a Zimansky, Paul E.  |e Preface by  |l English 
856 4 2 |a http://library.arce.org:8087/Archaeopress/Products/9781805830092 
260 |a Oxford  |b Archaeopress Publishing Ltd  |c 2025 
270 |a Archaeopress Publishing Ltd, Summertown Pavillion, 18 -24 Middle Way, Summertown  |b Oxford  |d United Kingdom  |e OX2 7LG  |k 44-1865-311914  |m info@archaeopress.com 
942 |2 lcc  |c EBOOK 
999 |c 62101  |d 62101